00549 2200241 4500001002100000008004100021035002000062245004000082100001700122250000600139260003000145084001400175082000800189650001400197990001200211990001200223990001200235990001200247990001200259990001200271990001200283990001200295INLIS000000000001216 ind  a0010-0524000451 aKalkulus Edisi KeempatcFrank Aryes aAryes, Frank a1 aJakarta :bErlanggac2004 a510 FRA k a510 aNon Fiksi a0714006 a0714007 a0714008 a0714009 a0714010 a0714011 a0714012 a0714013